Alle DFB Pokal Sieger - Statistiken

Allgemein
  • Dieses Quiz wurde 159 mal gespielt
  • Das Durchschnittsergebnis liegt bei 69 aus 81
Antwortstatistiken
Hint Antwort % Korrekt
2024 Bayer Leverkusen
100%
1993 Bayer Leverkusen
100%
2021 Borussia Dortmund
99%
2017 Borussia Dortmund
99%
2012 Borussia Dortmund
99%
1989 Borussia Dortmund
99%
1965 Dortmund
99%
2020 FC Bayern München
99%
2019 FC Bayern München
99%
2016 FC Bayern München
99%
2014 FC Bayern München
99%
2013 FC Bayern München
99%
2010 FC Bayern München
99%
2008 FC Bayern München
99%
2006 FC Bayern München
99%
2005 FC Bayern München
99%
2003 FC Bayern München
99%
2000 FC Bayern München
99%
1998 FC Bayern München
99%
1986 FC Bayern München
99%
1984 FC Bayern München
99%
1982 FC Bayern München
99%
1971 FC Bayern München
99%
1969 FC Bayern München
99%
1967 FC Bayern München
99%
1966 FC Bayern München
99%
1957 FC Bayern München
99%
2018 Eintracht Frankfurt
98%
1988 Eintracht Frankfurt
98%
1981 Eintracht Frankfurt
98%
1975 Eintracht Frankfurt
98%
1974 Eintracht Frankfurt
98%
2011 FC Schalke 04
98%
2002 FC Schalke 04
98%
2001 FC Schalke 04
98%
1972 FC Schalke 04
98%
1937 FC Schalke 04
98%
2023 RB Leipzig
97%
2022 RB Leipzig
97%
1987 Hamburger SV
96%
1976 Hamburger SV
96%
1963 Hamburger SV
96%
1997 VFB Stuttgart
96%
1958 VfB Stuttgart
96%
1954 VfB Stuttgart
96%
2009 Werder Bremen
95%
2004 Werder Bremen
95%
1999 Werder Bremen
95%
1994 Werder Bremen
95%
1991 Werder Bremen
95%
1961 Werder Bremen
95%
2015 VfL Wolfsburg
93%
2007 1. FC Nürnberg
90%
1962 1. FC Nürnberg
90%
1939 1. FC Nürnberg
90%
1935 1. FC Nürnberg
90%
1996 1. FC Kaiserslautern
88%
1990 1. FC Kaiserslautern
88%
1973 Borussia Mönchengladbach
87%
1960 Borussia Mönchengladbach
87%
1983 1. FC Köln
85%
1978 1. FC Köln
85%
1977 1. FC Köln
85%
1968 1. FC Köln
85%
1992 Hannoverscher SV 96
72%
1980 Fortuna Düsseldorf
68%
1979 Fortuna Düsseldorf
68%
1964 1860 München
67%
1942 1860 München
67%
1956 Karlsruhe
56%
1955 Karlsruhe
56%
1995 Gladbach
54%
1985 Bayer 05 Uerdingen
45%
1970 Kickers Offenbach
40%
1938 Rapid Wien
35%
1936 VfB Leipzig
33%
1953 Rot Weiss Essen
32%
1959 Schwarz Weiß Essen
24%
1943 Vienna Wien
16%
1941 Dresdner SC
13%
1940 Dresdner SC
13%
Keine übereinstimmenden Quizze gefunden
Verteilung der Resultate
Anzahl Personen mit jedem Resultat
Perzentil nach korrekt beantworteten Fragen
Ihre Resultats-Entwicklung
Sie haben dieses Quiz noch nicht gespielt